<?xml version="1.0" encoding="UTF-8"?>
<record
    xmlns:xsi="http://www.w3.org/2001/XMLSchema-instance"
    xsi:schemaLocation="http://www.loc.gov/MARC21/slim http://www.loc.gov/standards/marcxml/schema/MARC21slim.xsd"
    xmlns="http://www.loc.gov/MARC21/slim">

  <leader>01068nam a22003017ia4500</leader>
  <controlfield tag="005">20211014133558.0</controlfield>
  <controlfield tag="008">211014t20202020my a|||a |||| 00| 1 eng d</controlfield>
  <datafield tag="020" ind1=" " ind2=" ">
    <subfield code="a">9789837722309</subfield>
    <subfield code="c">RM9.90</subfield>
    <subfield code="q">paperback</subfield>
  </datafield>
  <datafield tag="040" ind1=" " ind2=" ">
    <subfield code="a">PPAK</subfield>
    <subfield code="b">eng</subfield>
    <subfield code="c">PPAK</subfield>
    <subfield code="e">rda</subfield>
  </datafield>
  <datafield tag="082" ind1="0" ind2="4">
    <subfield code="2">23</subfield>
    <subfield code="a">428.6</subfield>
  </datafield>
  <datafield tag="090" ind1="0" ind2="0">
    <subfield code="a">428.6</subfield>
    <subfield code="b">OTT</subfield>
    <subfield code="d">K</subfield>
  </datafield>
  <datafield tag="100" ind1="1" ind2=" ">
    <subfield code="a">Ottway, Tom, </subfield>
    <subfield code="e">author.</subfield>
  </datafield>
  <datafield tag="245" ind1="1" ind2="0">
    <subfield code="a">Mr Buttons and the School Trip / </subfield>
    <subfield code="c">Written by Tom Ottway ; Illustrated by Xavier Mula ; Editor Tessie Papadopoulou-Dalton ; Series editor Rebecca Adlard   </subfield>
  </datafield>
  <datafield tag="264" ind1=" " ind2="1">
    <subfield code="a">Petaling Jaya, Selangor :</subfield>
    <subfield code="b">Sasbadi Sdn. Bhd., </subfield>
    <subfield code="c">[2020?]</subfield>
  </datafield>
  <datafield tag="264" ind1=" " ind2="4">
    <subfield code="c">&#xA9;2020</subfield>
  </datafield>
  <datafield tag="300" ind1=" " ind2=" ">
    <subfield code="a">23 pages :</subfield>
    <subfield code="b">colour illustrations ; </subfield>
    <subfield code="c">21 cm.</subfield>
  </datafield>
  <datafield tag="336" ind1=" " ind2=" ">
    <subfield code="2">rdacontent</subfield>
    <subfield code="a">text</subfield>
  </datafield>
  <datafield tag="337" ind1=" " ind2=" ">
    <subfield code="2">rdamedia</subfield>
    <subfield code="a">unmediated</subfield>
  </datafield>
  <datafield tag="338" ind1=" " ind2=" ">
    <subfield code="2">rdacarrier</subfield>
    <subfield code="a">volume</subfield>
  </datafield>
  <datafield tag="490" ind1="1" ind2=" ">
    <subfield code="a">Peapod Readers </subfield>
  </datafield>
  <datafield tag="521" ind1="0" ind2=" ">
    <subfield code="a">Reader level 3 CEFR Pre AI</subfield>
  </datafield>
  <datafield tag="650" ind1="1" ind2="0">
    <subfield code="a">English language  </subfield>
    <subfield code="v">Readers</subfield>
  </datafield>
  <datafield tag="700" ind1="1" ind2=" ">
    <subfield code="a">Mula, Xavier,</subfield>
    <subfield code="e">illustrator.</subfield>
  </datafield>
  <datafield tag="700" ind1="1" ind2=" ">
    <subfield code="a">Papadopoulou-Dalton, Tessie, </subfield>
    <subfield code="e">editor.</subfield>
  </datafield>
  <datafield tag="700" ind1="1" ind2=" ">
    <subfield code="a">Adlard, Rebecca, </subfield>
    <subfield code="e">editor.</subfield>
  </datafield>
  <datafield tag="830" ind1=" " ind2="0">
    <subfield code="a">peapod readers </subfield>
  </datafield>
  <datafield tag="942" ind1=" " ind2=" ">
    <subfield code="2">ddc</subfield>
    <subfield code="c">B</subfield>
  </datafield>
  <datafield tag="999" ind1=" " ind2=" ">
    <subfield code="c">185470</subfield>
    <subfield code="d">185470</subfield>
  </datafield>
  <datafield tag="952" ind1=" " ind2=" ">
    <subfield code="0">0</subfield>
    <subfield code="7">0</subfield>
    <subfield code="b">PPAK</subfield>
    <subfield code="c">K</subfield>
    <subfield code="d">2022-04-04</subfield>
    <subfield code="l">3</subfield>
    <subfield code="o">K 428.6 OTT</subfield>
    <subfield code="p">A01728297</subfield>
    <subfield code="r">2023-11-23 15:26:19</subfield>
    <subfield code="s">2023-11-21</subfield>
    <subfield code="y">B</subfield>
  </datafield>
  <datafield tag="952" ind1=" " ind2=" ">
    <subfield code="0">0</subfield>
    <subfield code="7">0</subfield>
    <subfield code="b">SP</subfield>
    <subfield code="c">K</subfield>
    <subfield code="d">2022-04-04</subfield>
    <subfield code="l">11</subfield>
    <subfield code="m">1</subfield>
    <subfield code="o">K 428.6 OTT</subfield>
    <subfield code="p">A01728298</subfield>
    <subfield code="r">2025-10-12 13:21:01</subfield>
    <subfield code="s">2025-10-01</subfield>
    <subfield code="y">B</subfield>
  </datafield>
  <datafield tag="952" ind1=" " ind2=" ">
    <subfield code="0">0</subfield>
    <subfield code="7">0</subfield>
    <subfield code="b">JT</subfield>
    <subfield code="c">K</subfield>
    <subfield code="d">2022-04-04</subfield>
    <subfield code="l">2</subfield>
    <subfield code="o">K 428.6 OTT</subfield>
    <subfield code="p">A01728299</subfield>
    <subfield code="q">2025-06-09</subfield>
    <subfield code="r">2025-05-17 11:01:21</subfield>
    <subfield code="s">2025-05-17</subfield>
    <subfield code="y">B</subfield>
  </datafield>
  <datafield tag="952" ind1=" " ind2=" ">
    <subfield code="0">0</subfield>
    <subfield code="7">0</subfield>
    <subfield code="b">LW</subfield>
    <subfield code="c">K</subfield>
    <subfield code="d">2022-04-04</subfield>
    <subfield code="l">2</subfield>
    <subfield code="o">K 428.6 OTT</subfield>
    <subfield code="p">A01728300</subfield>
    <subfield code="r">2025-09-01 15:19:34</subfield>
    <subfield code="s">2025-08-25</subfield>
    <subfield code="y">B</subfield>
  </datafield>
  <datafield tag="952" ind1=" " ind2=" ">
    <subfield code="0">0</subfield>
    <subfield code="7">0</subfield>
    <subfield code="b">KM</subfield>
    <subfield code="c">K</subfield>
    <subfield code="d">2022-04-04</subfield>
    <subfield code="l">2</subfield>
    <subfield code="m">1</subfield>
    <subfield code="o">K 428.6 OTT</subfield>
    <subfield code="p">A01728301</subfield>
    <subfield code="r">2025-04-08 12:10:38</subfield>
    <subfield code="s">2025-04-07</subfield>
    <subfield code="y">B</subfield>
  </datafield>
  <datafield tag="952" ind1=" " ind2=" ">
    <subfield code="0">0</subfield>
    <subfield code="7">0</subfield>
    <subfield code="b">BL</subfield>
    <subfield code="c">K</subfield>
    <subfield code="d">2022-04-04</subfield>
    <subfield code="o">K 428.6 OTT</subfield>
    <subfield code="p">A01728302</subfield>
    <subfield code="r">2022-04-04 00:00:00</subfield>
    <subfield code="y">B</subfield>
  </datafield>
  <datafield tag="952" ind1=" " ind2=" ">
    <subfield code="0">0</subfield>
    <subfield code="7">0</subfield>
    <subfield code="b">BB</subfield>
    <subfield code="c">K</subfield>
    <subfield code="d">2022-04-04</subfield>
    <subfield code="o">K 428.6 OTT</subfield>
    <subfield code="p">A01728303</subfield>
    <subfield code="r">2022-04-04 00:00:00</subfield>
    <subfield code="y">B</subfield>
  </datafield>
  <datafield tag="952" ind1=" " ind2=" ">
    <subfield code="0">0</subfield>
    <subfield code="7">0</subfield>
    <subfield code="b">MR</subfield>
    <subfield code="c">K</subfield>
    <subfield code="d">2022-04-04</subfield>
    <subfield code="l">1</subfield>
    <subfield code="o">K 428.6 OTT</subfield>
    <subfield code="p">A01728304</subfield>
    <subfield code="r">2026-06-13 12:20:34</subfield>
    <subfield code="s">2026-06-07</subfield>
    <subfield code="y">B</subfield>
  </datafield>
  <datafield tag="952" ind1=" " ind2=" ">
    <subfield code="0">0</subfield>
    <subfield code="7">0</subfield>
    <subfield code="b">YN</subfield>
    <subfield code="c">K</subfield>
    <subfield code="d">2022-04-04</subfield>
    <subfield code="o">K 428.6 OTT</subfield>
    <subfield code="p">A01728305</subfield>
    <subfield code="r">2022-04-04 00:00:00</subfield>
    <subfield code="y">B</subfield>
  </datafield>
  <datafield tag="952" ind1=" " ind2=" ">
    <subfield code="0">0</subfield>
    <subfield code="7">0</subfield>
    <subfield code="b">SK</subfield>
    <subfield code="c">K</subfield>
    <subfield code="d">2022-04-04</subfield>
    <subfield code="o">K 428.6 OTT</subfield>
    <subfield code="p">A01728306</subfield>
    <subfield code="r">2022-04-04 00:00:00</subfield>
    <subfield code="y">B</subfield>
  </datafield>
  <datafield tag="952" ind1=" " ind2=" ">
    <subfield code="0">0</subfield>
    <subfield code="7">0</subfield>
    <subfield code="b">KN</subfield>
    <subfield code="c">K</subfield>
    <subfield code="d">2022-04-04</subfield>
    <subfield code="o">K 428.6 OTT</subfield>
    <subfield code="p">A01728307</subfield>
    <subfield code="r">2022-04-04 00:00:00</subfield>
    <subfield code="y">B</subfield>
  </datafield>
  <datafield tag="952" ind1=" " ind2=" ">
    <subfield code="0">0</subfield>
    <subfield code="7">0</subfield>
    <subfield code="b">PG</subfield>
    <subfield code="c">K</subfield>
    <subfield code="d">2022-04-04</subfield>
    <subfield code="o">K 428.6 OTT</subfield>
    <subfield code="p">A01728308</subfield>
    <subfield code="r">2022-04-04 00:00:00</subfield>
    <subfield code="y">B</subfield>
  </datafield>
  <datafield tag="952" ind1=" " ind2=" ">
    <subfield code="0">0</subfield>
    <subfield code="7">0</subfield>
    <subfield code="b">PPAK</subfield>
    <subfield code="c">K</subfield>
    <subfield code="d">2022-04-04</subfield>
    <subfield code="o">K 428.6 OTT</subfield>
    <subfield code="p">A01728309</subfield>
    <subfield code="r">2022-04-04 00:00:00</subfield>
    <subfield code="y">B</subfield>
  </datafield>
</record>
